India's Environmental History: (Record no. 189122)
[ view plain ]
| 000 -LEADER | |
|---|---|
| fixed length control field | 01141nam a22002177a 4500 |
| 005 - DATE AND TIME OF LATEST TRANSACTION | |
| control field | 20220620151057.0 |
| 010 ## - LCCN (DPL NO) | |
| LC control number | ENG-133274-75 |
| 020 ## - INTERNATIONAL STANDARD BOOK NUMBER | |
| International Standard Book Number | 9788178243160 |
| Terms of availability | 1850.00 (2 set) |
| 035 ## - SYSTEM CONTROL NUMBER | |
| System control number | EN-116806-07 |
| 037 ## - SOURCE OF ACQUISITION | |
| Source of stock number/acquisition | DBAD/PUB |
| 082 ## - DEWEY DECIMAL CLASSIFICATION NUMBER | |
| Classification number | 304.20954 |
| 245 ## - TITLE STATEMENT | |
| Title | India's Environmental History: |
| Remainder of title | From Ancient Times to the Colonial Period/ |
| Statement of responsibility, etc | Edited By Mahesh Rangarajan & K. Sivaramakrishnan |
| 260 ## - PUBLICATION, DISTRIBUTION, ETC. (IMPRINT) | |
| Place of publication, distribution, etc | Ranikhet |
| Name of publisher, distributor, etc | Permanent Black |
| Date of publication, distribution, etc | 2012 |
| 270 ## - ADDRESS | |
| Address | 'Himalayana', Mall Road, Ranikhet Cantt |
| City | Ranikhet |
| Postal code | 263645 |
| Electronic mail address | perblack@gmail.com |
| 300 ## - PHYSICAL DESCRIPTION | |
| Extent | 464 p. V1, 614 p. V2 |
| Dimensions | 22cm(hbk) |
| Other physical details | References, Literature |
| 500 ## - GENERAL NOTE | |
| General note | Volume 1 to 2 |
| 505 ## - FORMATTED CONTENTS NOTE | |
| Formatted contents note | Vol. 1<br/>1. Ecology and Archaeology<br/>2. Literary Imageries and States of Nature<br/>3.Animals, Places and Polities<br/>4. The Company State and India's Environments<br/>Vol. 2<br/>1.Agrarian Change/ Forest Transformations<br/>2. Environment, Identity, and Power<br/>3.Animals, Poetics, and Politics<br/>4. Environment, Dearth, and Development<br/>5. Contested Landscapes of Development. |
| 700 ## - ADDED ENTRY--PERSONAL NAME | |
| Personal name | Rangarajan, Mahesh |
| 700 ## - ADDED ENTRY--PERSONAL NAME | |
| Personal name | Sivaramakrishanan, K. |
| 942 ## - ADDED ENTRY ELEMENTS (KOHA) | |
| Source of classification or shelving scheme | Dewey Decimal Classification |
| Item type | English Books |
| Classification part | 304.20954 |
| Call number suffix | IND |
| Withdrawn status | Lost status | Materials specified (bound volume or other part) | Not for loan | Collection code | Home library | Current library | Date acquired | Source of acquisition | Cost, normal purchase price | Full call number | Barcode | Copy number | Cost, replacement price | Koha item type |
|---|---|---|---|---|---|---|---|---|---|---|---|---|---|---|
| Vol. 1 | Non-fiction | Sarojini Nagar | Sarojini Nagar | 20/06/2022 | DBAD/PUB | 925.00 | 304.20954 IND | EN-116806 | 1 | 925.00 | English Books | |||
| Vol. 2 | Non-fiction | Sarojini Nagar | Sarojini Nagar | 20/06/2022 | DBAD/PUB | 925.00 | 304.20954 IND | EN-116807 | 1 | 925.00 | English Books |
